000 01663cam a22004211a 4500
001 data
005 20260322212109.0
008 data
035 _a9531566
906 _a7
_bcbc
_cpremver
_du
_encip
_f19
_gy-nonroman
010 _a 79971820
035 _9(DLC) 79971820
035 _a(OCoLC)23569445
040 _aDLC
_beng
_cEYM
_dDLC
_dOCLCF
_dOCLCQ
_dOCLCO
_dEYM
_dOCLCO
_dDLC
042 _alccopycat
050 0 0 _aBL425
_b.S22 1978
066 _c(3
100 1 _6880-01
_aSādāt, Muḥammad ʻAlī.
880 1 _6100-01/(3/r
_a(3SGOGJ,(B (3eMeO(B (3Ydi(B.
245 1 0 _6880-02
_aUṣūl va mabānī-i khudāshināsī-i istidlālī /
_cMuḥammad ʻAlī Sādāt.
880 1 0 _6245-02/(3/r
_a(3GUhd(B (3h(B (3eHGfi(B (3NOGTfGSi(B (3GSJOdGdi(B /
_c(3eMeO(B (3Ydi(B (3SGOGJ(B.
260 _6880-03
_a[Tihrān] :
_b[Intishā̄rāt-i Ilhām],
_c[1978?]
880 _6260-03/(3/r
_a[(3JgQGf(B] :
_b[(3GfJTGQGJ(B (3GdgGe(B](3,(B
_c[1978?].
300 _a194 pages ;
_c22 cm
336 _atext
_btxt
_2rdacontent
337 _aunmediated
_bn
_2rdamedia
338 _avolume
_bnc
_2rdacarrier
504 _aIncludes bibliographical references (pages 193-194).
546 _aIn Persian.
650 0 _aTheology.
650 2 _aTheology
650 6 _aThéologie.
650 7 _atheology.
_2aat
650 7 _aTheology.
_2fast
_0(OCoLC)fst01149559
776 0 8 _iOnline version:
_aSādāt, Muḥammad ʻAlī.
_tUsūl va mabānī-i khudā'shināsi-i istidiālī.
_d[1978!]
_w(OCoLC)551700177
991 _bc-GenColl
_hBL425
_i.S22 1978
_tCopy 1
_wPREM
999 _c1622
_d1622